Score 0/16 Timer 03:00
2 Plays Today
Mixed Word % Correct
CAEACE
98.7%
TENNET
97.5%
VOLELOVE
97.2%
Mystery Sport:TENNIS
94.3%
VERSESERVE
94.3%
CUEEDDEUCE
90.4%
TORCUCOURT
89.7%
KAREB TONIPBREAK POINT
87.8%
Mixed Word % Correct
DANCKBAHBACKHAND
84.4%
LEVLOYVOLLEY
83.9%
BOULED ALFUTDOUBLE FAULT
81.8%
QAUCRETRACQUET
75.2%
GERRO DEERFERROGER FEDERER
74.7%
NIMBOWELDWIMBLEDON
68.6%
VETANADGAADVANTAGE
59.3%
PIMUREUMPIRE
53.2%
Remove Ads.
Support Sporcle.
Get the best of Sporcle when you Go Orange. This ad-free experience offers more features, more stats, and more fun while also helping to support Sporcle. Thank you for becoming a member.

You're not logged in!

Compare scores with friends on all Sporcle quizzes.
OR
Log In

Show Comments

Extras

Top Quizzes Today


Score Distribution

Your Account Isn't Verified!

In order to create a playlist on Sporcle, you need to verify the email address you used during registration. Go to your Sporcle Settings to finish the process.

Report this User

Report this user for behavior that violates our Community Guidelines.

Details: